[Event "European Club Cup 2002"]
[Site "Halkidiki"]
[Date "2002.09.22"]
[Round "1"]
[White "Belozerov, Andrei"]
[Black "Bjornsson, Gunnar"]
[Result "1-0"]
[WhiteElo "2541"]
[BlackElo "2000"]
[PlyCount "73"]
[EventDate "2002.09.22"]

1. d4 Nf6 2. c4 e5 3. dxe5 Ng4 4. Bf4 Nc6 5. Nf3 Bb4+ 6. Nbd2 Qe7 7. a3 Ngxe5
8. Nxe5 Nxe5 9. e3 Bxd2+ 10. Qxd2 d6 11. Be2 O-O 12. O-O b6 13. b4 Bb7 14. Rac1
Rad8 15. Bg3 Rfe8 16. Rfe1 Ng6 17. Qc3 Nh4 18. f3 Nf5 19. Bf2 Qg5 20. e4 Nh4
21. Bf1 Re6 22. c5 dxc5 23. bxc5 bxc5 24. Qe3 Qf6 25. Rxc5 Rd7 26. Qg5 Qxg5 27.
Rxg5 Ng6 28. Ra5 Bc6 29. Rxa7 Nf4 30. Rc1 h6 31. Be3 Ng6 32. Ra6 Bb7 33. Rxe6
fxe6 34. a4 Ne5 35. Bf4 Nc6 36. Bb5 Rf7 37. Bxc6 1-0

[Event "European Club Cup 2002"]
[Site "Halkidiki"]
[Date "2002.09.22"]
[Round "1"]
[White "Radovan, Dibala"]
[Black "Mitkov, Nikola"]
[Result "0-1"]
[WhiteElo "2000"]
[BlackElo "2493"]
[PlyCount "58"]
[EventDate "2002.09.22"]

1. Nf3 d5 2. d4 Nf6 3. e3 c6 4. Nc3 Bg4 5. Bd3 Nbd7 6. O-O e5 7. dxe5 Nxe5 8.
Be2 Bxf3 9. Bxf3 Bd6 10. b3 Nxf3+ 11. Qxf3 Qc7 12. g3 Be5 13. Bb2 Ne4 14. Na4
Nd2 15. Qg4 Nxf1 16. Rxf1 O-O 17. Bxe5 Qxe5 18. Nc5 Qe7 19. Nd3 Rfe8 20. Qd4
Qe4 21. Qc3 Rad8 22. Nc5 Qe7 23. b4 Rd6 24. Qd4 b6 25. Nb3 Rh6 26. Rd1 Qd7 27.
c4 Qh3 28. cxd5 Qxh2+ 29. Kf1 Rf6 0-1

[Event "European Club Cup 2002"]
[Site "Halkidiki"]
[Date "2002.09.22"]
[Round "1"]
[White "Georgiev, Vladimir"]
[Black "Vladimir, Petko"]
[Result "1-0"]
[WhiteElo "2502"]
[BlackElo "2000"]
[PlyCount "47"]
[EventDate "2002.09.22"]

1. d4 e6 2. c4 d5 3. Nc3 g6 4. Nf3 Bg7 5. e4 dxe4 6. Nxe4 Nd7 7. Bd3 Ne7 8. Bf4
b6 9. Qa4 O-O 10. Rd1 Bb7 11. O-O Bc6 12. Qb3 Nf6 13. Nxf6+ Bxf6 14. Bc2 Qc8
15. Ne5 Bb7 16. Rfe1 Re8 17. Qh3 Rf8 18. d5 Bg7 19. Ba4 Rd8 20. Nxf7 Kxf7 21.
Bd7 Rxd7 22. dxe6+ Kf8 23. exd7 Qd8 24. Bg5 1-0

[Event "European Club Cup 2002"]
[Site "Halkidiki"]
[Date "2002.09.22"]
[Round "1"]
[White "Stavri, Igor"]
[Black "Aleksandrov, Aleksej"]
[Result "0-1"]
[WhiteElo "2000"]
[BlackElo "2654"]
[PlyCount "84"]
[EventDate "2002.09.22"]

1. d4 Nf6 2. c4 e6 3. Nf3 d5 4. Nc3 Bb4 5. e3 c5 6. Bd2 O-O 7. dxc5 Bxc5 8. Qc2
Nc6 9. a3 d4 10. exd4 Nxd4 11. Nxd4 Qxd4 12. Be3 Qe5 13. Qe2 Bxe3 14. Qxe3
Qxe3+ 15. fxe3 Ng4 16. Ke2 Rd8 17. h3 Ne5 18. Rd1 Rxd1 19. Kxd1 Bd7 20. Be2 a5
21. a4 Bc6 22. e4 Nd7 23. Bd3 Rd8 24. Ke2 Ne5 25. Rd1 Kf8 26. b3 Ke7 27. Bc2
Rxd1 28. Nxd1 Kd6 29. Kd2 g5 30. Kc3 Kc5 31. Nf2 h5 32. g3 h4 33. gxh4 gxh4 34.
Nd1 Ng6 35. Nf2 Nf4 36. Bd1 b6 37. e5 Bb7 38. Bg4 Bg2 39. Nd3+ Nxd3 40. Kxd3
Kb4 41. Kc2 Be4+ 42. Kb2 Bf5 0-1

[Event "European Club Cup 2002"]
[Site "Halkidiki"]
[Date "2002.09.22"]
[Round "1"]
[White "Cela, Shkelqim"]
[Black "Bogdanovski, Vlatko"]
[Result "1/2-1/2"]
[WhiteElo "2000"]
[BlackElo "2483"]
[PlyCount "92"]
[EventDate "2002.09.22"]

1. e4 Nf6 2. e5 Nd5 3. Nc3 Nxc3 4. dxc3 d5 5. Bf4 c5 6. Qd2 Nc6 7. Rd1 e6 8.
Nf3 Be7 9. Bb5 Bd7 10. Bd3 Qc7 11. O-O c4 12. Be2 h6 13. h3 g5 14. Bg3 O-O-O
15. Rfe1 Rdg8 16. Nd4 Nxd4 17. cxd4 h5 18. Qe3 Kb8 19. c3 Rh7 20. f3 Ka8 21.
Qf2 Qa5 22. Ra1 Rhg7 23. Bd1 Ba4 24. Be2 Bc6 25. Qe3 Qc7 26. Qf2 Rg6 27. Bd1
Qd8 28. b4 Qf8 29. a4 Qh6 30. Qe3 Qg7 31. Qf2 Bd8 32. Ra2 Rh6 33. a5 a6 34. Qe3
Qh7 35. Bc2 Qh8 36. Bd1 Rg7 37. Rf1 Qg8 38. Rb2 Rhg6 39. Ra2 Qe8 40. Qe1 Qg8
41. Qe3 Be8 42. Qe1 Rh6 43. Qe3 Qh7 44. Bc2 Qh8 45. Bd1 Qg8 46. Qe1 Rhg6
1/2-1/2

[Event "European Club Cup 2002"]
[Site "Halkidiki"]
[Date "2002.09.22"]
[Round "1"]
[White "Dal Borgo, Albin"]
[Black "Detter, Peter"]
[Result "1/2-1/2"]
[WhiteElo "2000"]
[BlackElo "2170"]
[PlyCount "34"]
[EventDate "2002.09.22"]

1. d4 d5 2. Nf3 Nf6 3. c4 e6 4. Nc3 c5 5. cxd5 Nxd5 6. e4 Nxc3 7. bxc3 cxd4 8.
cxd4 Bb4+ 9. Bd2 Bxd2+ 10. Qxd2 O-O 11. Bc4 b6 12. O-O Ba6 13. Rac1 Bxc4 14.
Rxc4 b5 15. Rc5 a6 16. d5 Nd7 17. Rc6 exd5 1/2-1/2

[Event "European Club Cup 2002"]
[Site "Halkidiki"]
[Date "2002.09.22"]
[Round "1"]
[White "Steedman, James"]
[Black "Kaganskiy, Gleb"]
[Result "1-0"]
[WhiteElo "2000"]
[BlackElo "2332"]
[PlyCount "93"]
[EventDate "2002.09.22"]

1. d4 d5 2. c4 e6 3. Nc3 c6 4. Nf3 Nf6 5. Bg5 Nbd7 6. e3 Qa5 7. Nd2 dxc4 8.
Bxf6 Nxf6 9. Nxc4 Qc7 10. Be2 Be7 11. O-O O-O 12. Rc1 Rd8 13. Ne5 Bd7 14. Qb3
Rac8 15. f4 Be8 16. f5 exf5 17. Rxf5 Qb6 18. Qc4 c5 19. d5 Qd6 20. e4 g6 21.
Nxg6 hxg6 22. e5 Qb6 23. exf6 Bxf6 24. Rf3 Bd4+ 25. Kh1 f5 26. Nb5 Bf7 27. Nxd4
Bxd5 28. Nxf5 gxf5 29. Rg3+ Kf8 30. Qc3 Qh6 31. Rf1 Be6 32. Bc4 Rd4 33. Bxe6
Qxe6 34. Re3 Qd5 35. Ref3 Ke7 36. Qe1+ Re4 37. Qg3 Rf8 38. Qg7+ Ke6 39. Rg3 Rf6
40. Qg8+ Ke5 41. Qe8+ Kd6 42. Qd8+ Ke6 43. Qg8+ Kd6 44. Rd3 Rd4 45. Qd8+ Ke5
46. Re1+ Qe4 47. Qe7+ 1-0

[Event "European Club Cup 2002"]
[Site "Halkidiki"]
[Date "2002.09.22"]
[Round "1"]
[White "Fletcher, J."]
[Black "Bezold, Michael"]
[Result "0-1"]
[WhiteElo "2000"]
[BlackElo "2468"]
[PlyCount "56"]
[EventDate "2002.09.22"]

1. d4 g6 2. e4 Bg7 3. Bc4 e6 4. Nc3 Ne7 5. Bg5 h6 6. Bxe7 Qxe7 7. Nge2 a6 8. a4
b6 9. O-O Bb7 10. d5 O-O 11. Kh1 Qc5 12. Qd3 c6 13. d6 b5 14. Bb3 b4 15. Nd1 a5
16. f4 Ba6 17. Qd2 Bxe2 18. Qxe2 Qxd6 19. f5 Qe5 20. Ne3 Qxe4 21. f6 Bh8 22.
Rae1 d5 23. Nxd5 cxd5 24. Qb5 Qd4 25. Rd1 Qa7 26. Rf3 Nd7 27. Rdf1 Ne5 28. Rg3
Qa6 0-1

[Event "European Club Cup 2002"]
[Site "Halkidiki"]
[Date "2002.09.23"]
[Round "2"]
[White "Gershon, Alik"]
[Black "Stassen, Walter"]
[Result "1-0"]
[WhiteElo "2556"]
[BlackElo "2000"]
[PlyCount "53"]
[EventDate "2002.09.22"]

1. d4 Nf6 2. c4 e6 3. Nf3 b6 4. a3 Be7 5. d5 Ne4 6. g3 Bb7 7. Bg2 O-O 8. Nfd2
Nxd2 9. Qxd2 d6 10. O-O e5 11. e4 Nd7 12. Nc3 Nc5 13. Qc2 Bc8 14. b4 Nb7 15.
Be3 f5 16. f4 exf4 17. Bxf4 Bf6 18. Rae1 a5 19. Nb5 Bd7 20. exf5 axb4 21. axb4
Bxb5 22. cxb5 Ra3 23. Qc6 Qc8 24. Rc1 Rf7 25. Rfe1 Bd4+ 26. Kh1 Nd8 27. Re8+
1-0

[Event "European Club Cup 2002"]
[Site "Halkidiki"]
[Date "2002.09.23"]
[Round "2"]
[White "Soffer, Ram"]
[Black "Ahern, John"]
[Result "1-0"]
[WhiteElo "2492"]
[BlackElo "2000"]
[PlyCount "65"]
[EventDate "2002.09.22"]

1. c4 Nf6 2. Nc3 g6 3. e4 d6 4. d4 Bg7 5. f4 O-O 6. Nf3 c5 7. d5 Na6 8. Bd3 Nc7
9. O-O a6 10. a4 Rb8 11. a5 b5 12. axb6 Rxb6 13. Na4 Rb8 14. Bd2 Bd7 15. Ra2
Qc8 16. b3 Qb7 17. Bc2 Na8 18. Nc3 Nb6 19. e5 Ne8 20. Ne4 Bf5 21. Bc3 Nd7 22.
Ned2 Bxc2 23. Qxc2 Bh6 24. g3 Bg7 25. Raa1 e6 26. dxe6 fxe6 27. exd6 Nxd6 28.
Bxg7 Kxg7 29. Rfe1 Rfe8 30. Qc3+ Kh6 31. g4 Qc6 32. g5+ Kh5 33. Ne5 1-0

[Event "European Club Cup 2002"]
[Site "Halkidiki"]
[Date "2002.09.23"]
[Round "2"]
[White "Smith, Derek"]
[Black "Rabinovich, Alex"]
[Result "1/2-1/2"]
[WhiteElo "2000"]
[BlackElo "2435"]
[PlyCount "53"]
[EventDate "2002.09.22"]

1. e4 c5 2. Nf3 e6 3. d3 d5 4. Nbd2 Nc6 5. g3 Bd6 6. Bg2 Nge7 7. O-O O-O 8. Nh4
Bc7 9. f4 f6 10. Ndf3 Rb8 11. g4 c4 12. Qe2 cxd3 13. cxd3 f5 14. gxf5 exf5 15.
e5 d4 16. Bh3 Qe8 17. Kh1 Ng6 18. Nxg6 Qxg6 19. Rg1 Qh6 20. Rg3 Be6 21. Ng5 Bd8
22. Bg2 Bxg5 23. Rxg5 Rbd8 24. Bd2 Rf7 25. Rh5 Qg6 26. Rg5 Qh6 27. Rh5 1/2-1/2

[Event "European Club Cup 2002"]
[Site "Halkidiki"]
[Date "2002.09.23"]
[Round "2"]
[White "Kaganskiy, Gleb"]
[Black "Whelan, Niall"]
[Result "1-0"]
[WhiteElo "2332"]
[BlackElo "2000"]
[PlyCount "51"]
[EventDate "2002.09.22"]

1. d4 c5 2. e3 Nf6 3. Nf3 g6 4. c4 Bg7 5. Nc3 O-O 6. Be2 d6 7. O-O Bf5 8. Nh4
Bd7 9. Nf3 Bf5 10. Nh4 Bd7 11. d5 e5 12. dxe6 Bxe6 13. Nf3 Ng4 14. Ne4 Be5 15.
h3 Nf6 16. Nxc5 Qc8 17. Nxe6 Qxe6 18. Ng5 Qe7 19. f4 Bxb2 20. Bxb2 Qxe3+ 21.
Kh1 Nbd7 22. Qxd6 Rad8 23. Bxf6 Nxf6 24. Qxf6 h6 25. Nxf7 Qxe2 26. Qxg6# 1-0

[Event "European Club Cup 2002"]
[Site "Halkidiki"]
[Date "2002.09.23"]
[Round "2"]
[White "Radovan, Dibala"]
[Black "Zlotnik, Boris"]
[Result "0-1"]
[WhiteElo "2000"]
[BlackElo "2423"]
[PlyCount "52"]
[EventDate "2002.09.22"]

1. c4 Nf6 2. Nc3 g6 3. g3 Bg7 4. Bg2 O-O 5. e3 c6 6. Nge2 d5 7. cxd5 cxd5 8. d4
Nc6 9. O-O b6 10. Nf4 e6 11. b3 Ba6 12. Ba3 Re8 13. Re1 h5 14. Rc1 Rc8 15. Qd2
h4 16. b4 Bb7 17. Nd3 Bh6 18. Ne2 Ne4 19. Qb2 Nd6 20. Qb3 Ba6 21. Ne5 Bc4 22.
Qb1 b5 23. Ng4 Bg7 24. Nf4 Rb8 25. f3 Nf5 26. Rc3 a5 0-1

[Event "European Club Cup 2002"]
[Site "Halkidiki"]
[Date "2002.09.23"]
[Round "2"]
[White "Hernando Rodrigo, Jose Maria"]
[Black "Vladimir, Petko"]
[Result "1-0"]
[WhiteElo "2393"]
[BlackElo "2000"]
[PlyCount "55"]
[EventDate "2002.09.22"]

1. d4 d5 2. c4 e6 3. Nf3 Nf6 4. Bg5 Be7 5. Nc3 b6 6. e3 Bb7 7. Ne5 Nc6 8. Qa4
Qd6 9. c5 bxc5 10. Bb5 cxd4 11. exd4 O-O 12. Bxc6 Rab8 13. O-O Bxc6 14. Nxc6
Rxb2 15. Nxe7+ Qxe7 16. Qxa7 Rc8 17. Rab1 Qb4 18. Rxb2 Qxb2 19. Bxf6 gxf6 20.
Qc5 c6 21. h3 Qc2 22. Re1 f5 23. Ne4 Qxa2 24. Nf6+ Kg7 25. Qe7 Kg6 26. Ne8 Rxe8
27. Qxe8 Qd2 28. Rxe6+ 1-0

[Event "European Club Cup 2002"]
[Site "Halkidiki"]
[Date "2002.09.23"]
[Round "2"]
[White "Genser, Harald"]
[Black "Dal Borgo, Albin"]
[Result "1/2-1/2"]
[WhiteElo "2248"]
[BlackElo "2000"]
[PlyCount "48"]
[EventDate "2002.09.22"]

1. d4 d5 2. c4 c6 3. Nf3 Nf6 4. e3 Bf5 5. Nc3 e6 6. Nh4 Bg6 7. Qb3 Qb6 8. Nxg6
hxg6 9. Bd3 Nbd7 10. Bd2 dxc4 11. Bxc4 Qxb3 12. Bxb3 Bb4 13. O-O O-O 14. Rfd1
Rab8 15. a3 Be7 16. e4 Rfd8 17. Bg5 Kf8 18. e5 Nd5 19. Bxe7+ Kxe7 20. Ne4 f6
21. exf6+ gxf6 22. Re1 Nf8 23. Rad1 Nd7 24. Nc3 Kf7 1/2-1/2

[Event "European Club Cup 2002"]
[Site "Halkidiki"]
[Date "2002.09.23"]
[Round "2"]
[White "Rasmussen, Casper"]
[Black "Fletcher, J."]
[Result "1-0"]
[WhiteElo "2304"]
[BlackElo "2000"]
[PlyCount "61"]
[EventDate "2002.09.22"]

1. c4 e5 2. g3 Nf6 3. Bg2 Be7 4. Nc3 d6 5. e3 O-O 6. Nge2 c6 7. d4 Qc7 8. O-O
a5 9. a3 Nbd7 10. b3 Nb6 11. Bb2 a4 12. Nxa4 Nxa4 13. bxa4 Bg4 14. f3 Be6 15.
c5 Rfd8 16. Qc1 Rxa4 17. Rd1 Rc4 18. Qb1 dxc5 19. dxe5 Nd5 20. Rd3 b5 21. Nf4
Nxf4 22. gxf4 Ra4 23. f5 Bc4 24. Rxd8+ Qxd8 25. Qe1 Bd3 26. Rd1 c4 27. Qg3 Bf8
28. f4 Qd7 29. Bh3 c3 30. Bxc3 Rxa3 31. Bb4 1-0

[Event "European Club Cup 2002"]
[Site "Halkidiki"]
[Date "2002.09.23"]
[Round "2"]
[White "Barbier, Wim"]
[Black "Haugen, Arild"]
[Result "1-0"]
[WhiteElo "2188"]
[BlackElo "2000"]
[PlyCount "57"]
[EventDate "2002.09.22"]

1. c4 b6 2. Nc3 Bb7 3. e4 e6 4. d3 c5 5. g3 g6 6. Bg2 f5 7. Nge2 a6 8. a3 Bg7
9. Rb1 Ne7 10. O-O O-O 11. Be3 Qc7 12. Qd2 Nbc6 13. b4 d6 14. Nf4 Nd4 15. Bxd4
cxd4 16. Na4 b5 17. cxb5 axb5 18. Rfc1 Nc6 19. Nxe6 Qc8 20. exf5 Rxa4 21. Nxf8
Kxf8 22. fxg6 hxg6 23. Bd5 Rxa3 24. Qf4+ Qf5 25. Qxd6+ Ke8 26. Bxc6+ Bxc6 27.
Rxc6 Qd7 28. Re1+ Kd8 29. Qb8+ 1-0

[Event "European Club Cup 2002"]
[Site "Halkidiki"]
[Date "2002.09.23"]
[Round "2"]
[White "Kiik, Kalle"]
[Black "Stavri, Igor"]
[Result "1-0"]
[WhiteElo "2450"]
[BlackElo "2000"]
[PlyCount "93"]
[EventDate "2002.09.22"]

1. c4 Nf6 2. g3 c6 3. Bg2 d5 4. Nf3 g6 5. cxd5 cxd5 6. d4 Bg7 7. Nc3 O-O 8. O-O
Nc6 9. Ne5 e6 10. Nxc6 bxc6 11. Bf4 Qe7 12. Rc1 Bd7 13. Qd2 Rfc8 14. Na4 Be8
15. b3 Nd7 16. Qe3 f6 17. h4 Bf7 18. Bh3 f5 19. Rc2 e5 20. Rfc1 Qd6 21. dxe5
Bxe5 22. Nc5 Bxf4 23. Qxf4 Qxf4 24. gxf4 Nxc5 25. Rxc5 Be8 26. Ra5 Bd7 27. e3
Kf7 28. b4 Ke7 29. Bg2 Kd6 30. a3 Rcb8 31. Bf1 h6 32. Bd3 Rb6 33. Kf1 Ke7 34.
Ke2 Kf6 35. Kd2 Be8 36. Kc3 Rb7 37. Kd4 Rd8 38. Rcc5 g5 39. hxg5+ hxg5 40.
fxg5+ Kxg5 41. f4+ Kf6 42. Ra6 Ra8 43. b5 Rb6 44. bxc6 Bf7 45. c7 Be6 46. Rc6
Ke7 47. Rcxb6 1-0

[Event "European Club Cup 2002"]
[Site "Halkidiki"]
[Date "2002.09.23"]
[Round "2"]
[White "Cela, Shkelqim"]
[Black "Porrasmaa, Timo"]
[Result "1/2-1/2"]
[WhiteElo "2282"]
[BlackElo "2216"]
[PlyCount "47"]
[EventDate "2002.09.22"]

1. e4 Nc6 2. d4 d5 3. e5 Bf5 4. c3 e6 5. Nf3 f6 6. Bb5 Qd7 7. Qa4 Nge7 8. Nbd2
Ng6 9. Nb3 a6 10. Be3 Rb8 11. Bxc6 Qxc6 12. Qxc6+ bxc6 13. O-O-O Rb5 14. exf6
gxf6 15. Nfd2 Bd6 16. c4 Rb8 17. c5 Bf4 18. Bxf4 Nxf4 19. g3 Ng6 20. f4 Kd7 21.
Rde1 a5 22. Nxa5 Rb5 23. Nab3 Ra8 24. a3 1/2-1/2

[Event "European Club Cup 2002"]
[Site "Halkidiki"]
[Date "2002.09.24"]
[Round "3"]
[White "Cela, Shkelqim"]
[Black "Rozentalis, Eduardas"]
[Result "1/2-1/2"]
[WhiteElo "2000"]
[BlackElo "2564"]
[PlyCount "101"]
[EventDate "2002.09.22"]

1. e4 e6 2. d4 d5 3. Nd2 Nf6 4. e5 Nfd7 5. c3 c5 6. Bd3 b6 7. Ne2 Ba6 8. Bb1
Nc6 9. Nf3 cxd4 10. cxd4 Bb4+ 11. Bd2 Qe7 12. O-O Bxd2 13. Qxd2 Qb4 14. Rd1
Qxd2 15. Rxd2 Bxe2 16. Rxe2 Ke7 17. Bd3 Rac8 18. Ba6 Rb8 19. Bb5 Rhc8 20. Kf1
Na5 21. Ke1 Rc7 22. Kd1 Rbc8 23. Ba6 Rd8 24. Rc1 Rxc1+ 25. Kxc1 Nb8 26. Bd3
Rc8+ 27. Rc2 Rxc2+ 28. Kxc2 h6 29. Kc3 f6 30. Nh4 g5 31. Ng6+ Kf7 32. exf6 Nac6
33. b4 Kxf6 34. b5 Nd8 35. Ne5 Nf7 36. Ng4+ Kg7 37. Ne5 Nxe5 38. dxe5 Nd7 39.
Kd4 Nf8 40. g4 Nd7 41. f3 Kf7 42. Bc2 Ke7 43. Bd3 Nc5 44. Bc2 a6 45. a4 a5 46.
Bd1 Kf7 47. Bc2 Kg7 48. Bd1 h5 49. h3 Kh6 50. Bc2 hxg4 51. hxg4 1/2-1/2

[Event "European Club Cup 2002"]
[Site "Halkidiki"]
[Date "2002.09.24"]
[Round "3"]
[White "Stassen, Walter"]
[Black "Polzin, Rainer"]
[Result "0-1"]
[WhiteElo "2000"]
[BlackElo "2462"]
[PlyCount "72"]
[EventDate "2002.09.22"]

1. e4 c5 2. c3 Nf6 3. e5 Nd5 4. Nf3 Nc6 5. Bc4 Nb6 6. Bb3 c4 7. Bc2 Qc7 8. Qe2
g5 9. Na3 g4 10. Nb5 Qb8 11. Nfd4 Nxe5 12. O-O a6 13. Na3 d5 14. f4 gxf3 15.
Nxf3 Bg7 16. Nxe5 Bxe5 17. Qf2 Bxh2+ 18. Kh1 Qd6 19. Qxf7+ Kd8 20. d3 cxd3 21.
Bxd3 Be6 22. Qh5 Bg3 23. Be3 Rg8 24. Bf5 Nd7 25. Rad1 Nf6 26. Qf3 Rg4 27. Bxg4
Bxg4 28. Bb6+ Ke8 29. Qe3 Bxd1 30. Rxd1 Ng4 31. Nc4 dxc4 32. Rxd6 Nxe3 33. Rh6
Nd5 34. Bd4 Kd7 35. Rxh7 Rf8 36. Kg1 Nf4 0-1

[Event "European Club Cup 2002"]
[Site "Halkidiki"]
[Date "2002.09.24"]
[Round "3"]
[White "Ahern, John"]
[Black "Poldauf, Dirk"]
[Result "0-1"]
[WhiteElo "2000"]
[BlackElo "2410"]
[PlyCount "120"]
[EventDate "2002.09.22"]

1. d4 Nf6 2. c4 g6 3. Nc3 Bg7 4. e4 d6 5. f3 O-O 6. Bg5 Nbd7 7. Nh3 c5 8. d5 a6
9. a4 Ne5 10. Nf2 h5 11. a5 Nh7 12. Be3 f5 13. Qd2 Rb8 14. Be2 b6 15. axb6 Qxb6
16. Nfd1 fxe4 17. Nxe4 Nf6 18. Nxf6+ exf6 19. O-O f5 20. h3 Re8 21. Bh6 Bh8 22.
Qg5 Kh7 23. Qd2 Rb7 24. Bg5 Nf7 25. Bh4 Bd4+ 26. Kh2 Bxb2 27. Nxb2 Qxb2 28. Ra2
Qxd2 29. Rxd2 g5 30. Bf2 Ne5 31. f4 gxf4 32. Bxh5 Nxc4 33. Ra2 Rg8 34. Be1 Rb1
35. Rxf4 Ne3 36. Bg3 Nf1+ 37. Rxf1 Rxf1 38. Bxd6 Rd8 39. Be2 Rb1 40. Bxc5 Rxd5
41. Bf2 Rd6 42. Bg3 Rdb6 43. Ra5 R1b2 44. Bf3 R6b5 45. Ra4 Rc2 46. Rh4+ Kg7 47.
Ra4 Kf6 48. h4 a5 49. Bf4 Be6 50. Rd4 Rb4 51. Bg5+ Ke5 52. Rd1 f4 53. Re1+ Kf5
54. Be7 Rd4 55. h5 Bd5 56. Bxd5 Rxd5 57. h6 Rdd2 58. Rg1 Kg6 59. Bf8 f3 60. Kh3
fxg2 0-1

[Event "European Club Cup 2002"]
[Site "Halkidiki"]
[Date "2002.09.24"]
[Round "3"]
[White "Thiede, Lars"]
[Black "Smith, Derek"]
[Result "1-0"]
[WhiteElo "2416"]
[BlackElo "2000"]
[PlyCount "87"]
[EventDate "2002.09.22"]

1. g3 Nf6 2. c4 g6 3. Bg2 Bg7 4. Nc3 O-O 5. d3 d6 6. Nf3 Nbd7 7. O-O e5 8. Rb1
a5 9. a3 Nh5 10. b4 axb4 11. axb4 f5 12. Qb3 Kh8 13. Bb2 Ndf6 14. Ra1 Rxa1 15.
Rxa1 e4 16. dxe4 fxe4 17. Ng5 e3 18. f4 Qe7 19. Ra8 h6 20. Nf3 c6 21. Nh4 Bf5
22. Nxf5 gxf5 23. Rxf8+ Qxf8 24. Nd1 Ng4 25. Bf3 Nhf6 26. Nxe3 Nxe3 27. Qxe3
Ng4 28. Bxg7+ Qxg7 29. Bxg4 fxg4 30. Qe8+ Kh7 31. Qe4+ Kh8 32. f5 h5 33. Qe8+
Kh7 34. Qxh5+ Kg8 35. Qe8+ Kh7 36. Kg2 Kh6 37. Qd8 Qd4 38. Qh4+ Kg7 39. Qg5+
Kf8 40. Qh6+ Ke8 41. Qe6+ Kf8 42. f6 Qe5 43. Qxg4 Qxf6 44. Qf4 1-0

[Event "European Club Cup 2002"]
[Site "Halkidiki"]
[Date "2002.09.24"]
[Round "3"]
[White "Whelan, Niall"]
[Black "Rudolf, Henrik"]
[Result "0-1"]
[WhiteElo "2000"]
[BlackElo "2348"]
[PlyCount "80"]
[EventDate "2002.09.22"]

1. c4 g6 2. d4 Nf6 3. Nc3 Bg7 4. Nf3 O-O 5. Bf4 d6 6. e4 Bg4 7. h3 Bxf3 8. Qxf3
Nc6 9. Qd1 Nd7 10. Be3 e5 11. d5 Nd4 12. Be2 f5 13. O-O Nxe2+ 14. Nxe2 f4 15.
Bd2 f3 16. Ng3 Qh4 17. Kh2 Rf7 18. Rc1 Raf8 19. Rc3 fxg2 20. Kxg2 Bh6 21. b4
Bf4 22. Be1 Bxg3 23. Rxg3 Qxe4+ 24. Kh2 Qxc4 25. Rfg1 Nf6 26. Qb1 Qe4 27. Qd1
Nxd5 28. Rg4 Rf4 29. R1g3 Rxg4 30. hxg4 Nf4 31. Qb3+ d5 32. Qe3 Qxe3 33. Rxe3
e4 34. Bc3 Nd3 35. a4 Rxf2+ 36. Kg3 Rc2 37. Bd4 a5 38. bxa5 g5 39. Bf6 h6 40.
Kh3 Nf4+ 0-1

[Event "European Club Cup 2002"]
[Site "Halkidiki"]
[Date "2002.09.24"]
[Round "3"]
[White "Flower, David"]
[Black "Simon, Bernard"]
[Result "0-1"]
[WhiteElo "2108"]
[BlackElo "2000"]
[PlyCount "104"]
[EventDate "2002.09.22"]

1. Nf3 Nf6 2. g3 c5 3. Bg2 d5 4. O-O Nc6 5. d3 Bg4 6. Nbd2 e6 7. e4 Be7 8. Re1
dxe4 9. dxe4 O-O 10. h3 Bxf3 11. Bxf3 Qc7 12. Bg2 Rad8 13. f4 e5 14. f5 Rd7 15.
c3 Rfd8 16. Bf1 a6 17. Qe2 g6 18. Qf2 Na5 19. g4 c4 20. Kh1 b5 21. Nf3 Bc5 22.
Qg2 Ne8 23. fxg6 fxg6 24. Bg5 Be7 25. Be3 Bc5 26. Qg1 Nb7 27. b3 Bxe3 28. Qxe3
cxb3 29. axb3 Nc5 30. Reb1 Nf6 31. Ng5 Qc6 32. Bg2 Rd3 33. Qe1 h6 34. Nf3 Ncd7
35. Nh4 Kg7 36. c4 bxc4 37. bxc4 Nc5 38. Nf3 Nfd7 39. Rd1 Rb8 40. Nd2 Ra8 41.
Nf1 Rxd1 42. Rxd1 a5 43. Ra1 a4 44. Qg3 Nb3 45. Rd1 Nd4 46. Qa3 Qc5 47. Qa2 Nb6
48. Ne3 Ra7 49. Rd3 Qb4 50. Qa1 a3 51. Nd5 Qb2 52. Rxa3 Qxa1+ 0-1

[Event "European Club Cup 2002"]
[Site "Halkidiki"]
[Date "2002.09.24"]
[Round "3"]
[White "Dal Borgo, Albin"]
[Black "Hokkanen, Petri"]
[Result "1/2-1/2"]
[WhiteElo "2000"]
[BlackElo "2248"]
[PlyCount "45"]
[EventDate "2002.09.22"]

1. d4 Nf6 2. Bg5 e6 3. e4 h6 4. Bxf6 Qxf6 5. Nc3 g6 6. Qd2 Bg7 7. O-O-O d6 8.
f4 a6 9. Nf3 Nd7 10. e5 dxe5 11. fxe5 Qe7 12. Ne4 b6 13. Bd3 Bb7 14. h4 O-O-O
15. Qe2 a5 16. Kb1 Kb8 17. g4 Ka7 18. Nc3 Nb8 19. Nb5+ Ka8 20. Be4 Qd7 21.
Bxb7+ Kxb7 22. Qe4+ Qc6 23. Nc3 1/2-1/2

[Event "European Club Cup 2002"]
[Site "Halkidiki"]
[Date "2002.09.24"]
[Round "3"]
[White "Steedman, James"]
[Black "Nivala, Tuomas"]
[Result "1-0"]
[WhiteElo "2000"]
[BlackElo "2218"]
[PlyCount "67"]
[EventDate "2002.09.22"]

1. d4 d5 2. c4 Nc6 3. Nc3 Nf6 4. e3 Bf5 5. Nf3 e6 6. Qa4 Bb4 7. Ne5 O-O 8. Nxc6
Bxc3+ 9. bxc3 Qd7 10. Ne7+ Qxe7 11. Ba3 Qe8 12. Qb3 dxc4 13. Qxc4 b5 14. Qxb5
Qxb5 15. Bxb5 Rfc8 16. f3 c6 17. Ba6 Rcb8 18. e4 Bg6 19. O-O Rb6 20. Bd3 Nd5
21. Rfc1 Rd8 22. Bf1 Nc7 23. Kf2 f5 24. Ke3 Nb5 25. Bc5 Rbb8 26. Rab1 fxe4 27.
fxe4 a5 28. a4 Bxe4 29. Ra1 Nxd4 30. Bxd4 Bd5 31. c4 Rb3+ 32. Rc3 e5 33. Rxb3
exd4+ 34. Kd3 1-0

[Event "European Club Cup 2002"]
[Site "Halkidiki"]
[Date "2002.09.24"]
[Round "3"]
[White "Saastamoinen, Aarne"]
[Black "Haugen, Arild"]
[Result "1-0"]
[WhiteElo "2172"]
[BlackElo "2000"]
[PlyCount "67"]
[EventDate "2002.09.22"]

1. e4 e6 2. d3 d5 3. Nd2 c5 4. Ngf3 Nc6 5. g3 Bd6 6. Bg2 Nge7 7. O-O O-O 8. Re1
Qc7 9. Qe2 f6 10. c3 Bd7 11. a3 Rad8 12. b4 cxb4 13. axb4 a6 14. d4 Qb8 15. Bh3
e5 16. Bxd7 Rxd7 17. exd5 Nxd5 18. b5 axb5 19. Qxb5 Nc7 20. Qb3+ Kh8 21. Nc4
exd4 22. Nxd6 Rxd6 23. Ba3 Rfd8 24. Bxd6 Rxd6 25. cxd4 Nxd4 26. Nxd4 Rxd4 27.
Qb6 Rd7 28. Rad1 Na8 29. Qa7 Rd8 30. Rxd8+ Qxd8 31. Ra1 Nc7 32. Qa5 h6 33. Rc1
b6 34. Qxb6 1-0

[Event "European Club Cup 2002"]
[Site "Halkidiki"]
[Date "2002.09.24"]
[Round "3"]
[White "Guner, Bulent"]
[Black "Radovan, Dibala"]
[Result "1/2-1/2"]
[WhiteElo "2142"]
[BlackElo "2000"]
[PlyCount "71"]
[EventDate "2002.09.22"]

1. d4 e6 2. Nf3 Nf6 3. c4 d5 4. Nc3 Nbd7 5. Bg5 Be7 6. e3 O-O 7. Rc1 c6 8. Bd3
dxc4 9. Bxc4 Nd5 10. Bxe7 Qxe7 11. Ne4 N5f6 12. Ng3 b5 13. Be2 Bb7 14. O-O Rac8
15. Qd2 a6 16. b4 Rfe8 17. Rfd1 g6 18. a3 e5 19. dxe5 Nxe5 20. Nxe5 Qxe5 21.
Bf3 Red8 22. Qxd8+ Rxd8 23. Rxd8+ Kg7 24. Rd2 h5 25. h3 h4 26. Ne2 Ne4 27. Rd4
Nd6 28. Bxc6 Bxc6 29. Rxc6 Nc4 30. Rxa6 g5 31. Ra7 Qf5 32. Rdd7 Qb1+ 33. Kh2
Ne5 34. Re7 Qb2 35. f4 Nf3+ 36. gxf3 1/2-1/2

[Event "European Club Cup 2002"]
[Site "Halkidiki"]
[Date "2002.09.24"]
[Round "3"]
[White "Vladimir, Petko"]
[Black "Bolcan, Engin"]
[Result "0-1"]
[WhiteElo "2000"]
[BlackElo "2033"]
[PlyCount "62"]
[EventDate "2002.09.22"]

1. e4 d5 2. exd5 Qxd5 3. Nc3 Qa5 4. d4 Bf5 5. Nf3 Nf6 6. Bd2 c6 7. Bc4 e6 8.
O-O Qc7 9. h3 Nbd7 10. Nh4 Bg6 11. Nxg6 hxg6 12. Qe2 O-O-O 13. Be3 Nb6 14. Bd3
Bd6 15. Rfd1 Bh2+ 16. Kf1 Bf4 17. Qf3 g5 18. Bxf4 gxf4 19. Ne2 g5 20. c3 Nbd5
21. Ke1 e5 22. dxe5 Qxe5 23. Kd2 Nb4 24. Kc1 g4 25. hxg4 Rxd3 26. Rxd3 Nxd3+
27. Kc2 Re8 28. Kxd3 Qb5+ 29. c4 Qxb2 30. Qxf4 Qxa1 31. Nd4 Qb1+ 0-1